000 00589nam a2200193Ia 4500
008 151121s9999||||xx |||||||||||||| ||und||
082 _a818/ढसाळ
082 _bHNW-69578
100 _aढसाळ नामदेव
245 _aआंधळे शतक
260 _b"आंबेडकर प्रबोधिनी, मुंबई।"
260 _c--
300 _a132
600 _aढसाळ नामदेव
630 _aआंधळे शतक
700 _aढसाळ नामदेव
730 _aआंधळे शतक
942 _cBOOK
999 _c1251062
_d1251059